000 00552nam a22001817a 4500
005 20131218113850.0
010 _aENG-108867
020 _a9788192563664
_c1295.00
035 _aEN-92400
037 _bDBAD/PUB
100 _aSahu, Champak Kumar
245 _aLand use pattern of tribal people /
_cby Champak Kumar Sahu
260 _aNew Delhi
_bS.K. Book Agency
_c2013
270 _a5A/12, Ansari Road Daryaganj
_bNew Delhi
_e110002
300 _axx,355p.
_c22cm(Hb)
500 _aIncludes bibliographical references and index
942 _2ddc
_cEN
_mSAH
999 _c81222
_d81222